000 01750nam a22003497a 4500
001 103583
003 KnowledgeUnlatched
005 20210303105038.0
006 m o d
007 cr u||||||||||
008 210129p20162019gw o u00| u eng d
037 _5BiblioBoard
245 0 4 _aThe Construct of Identity in Hellenistic Judaism
_bEssays on Early Jewish Literature and History /
_cErich S. Gruen.
020 _a9783110387193
029 1 _ahttps://library.biblioboard.com/ext/api/media/ffec6d6b-c47d-4857-bca0-bed5d1b61d35/assets/thumbnail.jpg
040 _aScCtBLL
_cScCtBLL
100 1 _aGruen, Erich S.
_eauthor.
264 1 _bDe Gruyter,
300 _a1 online resource (588 p.)
506 0 _aAccess copy available to the general public.
_fUnrestricted
_2star
520 _a"This volume assembles twenty-three essays by Erich S. Gruen, who has written extensively on the literature and history of early Judaism and the experience of the Jews in the Greco-Roman world. Twenty-two of the articles have previously been published, and one new one was composed for the volume."
588 0 _aDescription based on print version record.
590 _aKollektion FID Jüdische Studien / Collection FID Jewish Studies
650 7 _aReligion / History
_2bisacsh
650 0 _aReligion
655 0 _aElectronic books.
758 _iIs found in:
_aKnowledge Unlatched
_1https://openresearchlibrary.org/module/2774bc74-146a-484f-a7ba-ab1d6a09bbfb
856 4 0 _uhttps://openresearchlibrary.org/content/ffec6d6b-c47d-4857-bca0-bed5d1b61d35
_zView this content on Open Research Library.
_70
999 _c33381
_d33381